| 000 | 00343nam a2200133Ia 4500 | ||
|---|---|---|---|
| 008 | 211109s9999||||xx |||||||||||||| ||und|| | ||
| 082 |
_aas _bCOL-F |
||
| 100 | _aCollins, Larry | ||
| 245 | 0 | _aFreedom at Midnight | |
| 260 |
_bKamalalya Printing Works _aThiruvananthapuram _c1978 |
||
| 630 | _xGeneral Stack | ||
| 650 | _vEnglish | ||
| 942 | _cBOOK | ||
| 999 |
_c75458 _d75458 |
||